<?xml version="1.0" encoding="UTF-8"?><?xml-stylesheet type="text/xsl" href="static/style.xsl"?><OAI-PMH xmlns="http://www.openarchives.org/OAI/2.0/" xmlns:xsi="http://www.w3.org/2001/XMLSchema-instance" xsi:schemaLocation="http://www.openarchives.org/OAI/2.0/ http://www.openarchives.org/OAI/2.0/OAI-PMH.xsd"><responseDate>2026-04-27T19:53:57Z</responseDate><request verb="GetRecord" identifier="oai:uvadoc.uva.es:10324/8409" metadataPrefix="marc">https://uvadoc.uva.es/oai/request</request><GetRecord><record><header><identifier>oai:uvadoc.uva.es:10324/8409</identifier><datestamp>2021-06-29T10:32:47Z</datestamp><setSpec>com_10324_38</setSpec><setSpec>col_10324_852</setSpec></header><metadata><record xmlns="http://www.loc.gov/MARC21/slim" xmlns:doc="http://www.lyncode.com/xoai" xmlns:xsi="http://www.w3.org/2001/XMLSchema-instance" xmlns:dcterms="http://purl.org/dc/terms/" xsi:schemaLocation="http://www.loc.gov/MARC21/slim http://www.loc.gov/standards/marcxml/schema/MARC21slim.xsd">
<leader>00925njm 22002777a 4500</leader>
<datafield tag="042" ind1=" " ind2=" ">
<subfield code="a">dc</subfield>
</datafield>
<datafield tag="720" ind1=" " ind2=" ">
<subfield code="a">Valero Romero, Felisa</subfield>
<subfield code="e">author</subfield>
</datafield>
<datafield tag="260" ind1=" " ind2=" ">
<subfield code="c">2014</subfield>
</datafield>
<datafield tag="520" ind1=" " ind2=" ">
<subfield code="a">La sociedad precisa, en cada momento, un profesor que desarrolle unas competencias profesionales y unas funciones acordes a su tiempo y a sus exigencias. Este trabajo de investigación se centra en la formación permanente del profesorado como un impulso y una ayuda para ese desarrollo competencial. Se trata de un estudio de casos (El Modelo de Formación Permanente del Profesorado de Castilla y León), con un tratamiento ex-post facto, cuantitativo, con datos de los últimos cursos escolares (2009_10, 2010_11, 2011_12, 2012_13). La interpretación de dichos datos muestra la preocupación y el interés del profesorado por mejorar su competencia digital, conjuntamente con la didáctica y la lingüística_comunicativa; la aceptación del modelo de formación independientemente de la provincia y el nivel educativo que imparta; la tendencia a considerar el centro educativo como el escenario natural para su formación y el desarrollo equilibrado de todas sus competencias profesionales para cumplir con sus funciones como docente.</subfield>
</datafield>
<datafield tag="024" ind2=" " ind1="8">
<subfield code="a">http://uvadoc.uva.es/handle/10324/8409</subfield>
</datafield>
<datafield ind1=" " ind2=" " tag="653">
<subfield code="a">Formación Profesorado</subfield>
</datafield>
<datafield ind1=" " ind2=" " tag="653">
<subfield code="a">Educación primaria</subfield>
</datafield>
<datafield tag="245" ind1="0" ind2="0">
<subfield code="a">Competencias profesionales y formación permanente del profesorado. Análisis del Modelo de Castilla y León.</subfield>
</datafield>
</record></metadata></record></GetRecord></OAI-PMH>